Jakie znasz gry towarzyskie w które można grać w domu? - Statystyki

Ogólne statystyki
  • Ten quiz został rozwiązany 29 razy
  • Średni wynik to 2 z 8
Statystyki odpowiedzi
Odpowiedź % Poprawnych
Karty
53%
Kalambury
47%
Twister
26%
Butelka
21%
Bierki
5%
Gry planszowe
5%
Domino
0%
Kości
0%
Nie znaleziono quizów pasujących do podanych kryteriów
Rozkład punktacji
Procent ludzi z każdym wynikiem
Percentyl według liczby udzielonych odpowiedzi
Twoja historia wyników
Nie rozwiązałeś tego quizu